| 000 | 00725nam a2200265 a 4500 | ||
|---|---|---|---|
| 999 |
_c81 _d81 |
||
| 003 | UPN | ||
| 005 | 20240924064453.0 | ||
| 008 | 991125s1992 es 000 0 spa u | ||
| 020 | _a8432994308 | ||
| 035 | _aUPN01000000081 | ||
| 040 |
_aUPN _bspa _cUPN |
||
| 049 | _aCG | ||
| 050 | 4 |
_aLB1140 _bH3.58 1992 |
|
| 100 | 1 | _aHagstrom, Julie | |
| 245 | 1 | 0 |
_a47 Juegos para niños / _cJulie Hagstrom; il. Christiane Stalland. |
| 250 | _a2a ed. | ||
| 260 |
_aBarcelona, Esp. : _bCEAC, _c1992. |
||
| 300 |
_a119 p. : _bil. |
||
| 440 | 0 |
_aEducación y enseñanza. _pEducación infantil |
|
| 650 | 4 |
_aEducación preescolar _91517 |
|
| 650 | 4 |
_aJuegos infantiles _96445 |
|
| 905 | _aLibro | ||
| 942 |
_2lcc _cLIBRO |
||